Congres National ... comptes-rendus et rapports (Record no. 85914)

MARC details
000 -LEADER
fixed length control field 00485cam a2200169 4500
001 - CONTROL NUMBER
control field D12458
008 - FIXED-LENGTH DATA ELEMENTS--GENERAL INFORMATION
fixed length control field 090401t1911 xxu||||| |||| 00| 0 eng d
035 ## - SYSTEM CONTROL NUMBER
System control number (Sirsi) u3641
041 ## - LANGUAGE CODE
Language code of text/sound track or separate title eng
110 ## - MAIN ENTRY--CORPORATE NAME
Corporate name or jurisdiction name as entry element Congres National et International de Geometres (1910)
9 (RLIN) 416
245 ## - TITLE STATEMENT
Title Congres National ... comptes-rendus et rapports
260 ## - PUBLICATION, DISTRIBUTION, ETC.
Place of publication, distribution, etc. Bruxelles
Date of publication, distribution, etc. 1911
350 ## - PRICE (NR) (BK AM CF MU VM SE) [OBSOLETE]
Price 0
520 ## - SUMMARY, ETC.
Summary, etc. Shelf 178 ; See also another copy - not identical content
942 ## - ADDED ENTRY ELEMENTS (KOHA)
Suppress in OPAC 0
948 ## - LOCAL PROCESSING INFORMATION (OCLC); SERIES PART DESIGNATOR (RLIN)
c (OCLC) 04/03/1997
Holdings
Withdrawn status Lost status Source of classification or shelving scheme Damaged status Not for loan Home library Current library Shelving location Date acquired Total Checkouts Full call number Barcode Date last seen Copy number Price effective from Koha item type
    Other/Generic Classification Scheme     London London Basement 13/08/1991   SHELF 178 30014258 06/08/2019 1 06/08/2019 Book